000 00454 a2200157 4500
999 _c4084
_d4084
020 _a9780751306491
050 _aND 741.2 WRI 1993
100 _aWright, Michael
_eauthor
110 _aRoyal academy of arts
245 _aAn introduction to pastels /
_cMichael Wright
264 _aLondon:
_bDorling Kindersley,
_c1993
300 _a72p.:
_bill.(col.)
500 _aIncludes index
650 _aMaterials and techniques
942 _2lcc
_cBK
_h741.2
_iWRI
_kND